[Event "Harrogate 4NCL op-C 29th"]
[Site "Harrogate"]
[Date "2023.01.22"]
[Round "4"]
[White "Oliver, Bruce R"]
[Black "Buckell, David J"]
[Result "0-1"]
[WhiteElo "1643"]
[BlackElo "1594"]
[PlyCount "94"]
[EventDate "2023.01.20"]
[EventType "swiss"]
[EventRounds "5"]
[EventCountry "ENG"]
[SourceTitle "CBM 212 Extra"]
[Source "ChessBase"]
[SourceDate "2023.03.31"]
[SourceVersion "1"]
[SourceVersionDate "2023.03.31"]
[SourceQuality "1"]

1. Nf3 g6 2. g3 Bg7 3. Bg2 d6 4. 0-0 Nf6 5. d3 0-0 6. Nbd2 Nbd7 7. e4 e5 8. Re1 Re8 9. c3 Nc5 10. Nb3 Ne6 11. Ng5 a5 12. Be3 Bd7 13. d4 a4 14. Nxe6 Bxe6 15. d5 Bd7 16. Nc1 Qc8 17. Bg5 h6 18. Bxf6 Bxf6 19. Nd3 Kg7 20. b4 b5 21. Rc1 h5 22. a3 h4 23. Nb2 hxg3 24. fxg3 Rh8 25. c4 bxc4 26. Nxc4 Qg8 27. Ne3 Ra7 28. Qe2 Qh7 29. Bh1 Bg5 30. Qf2 Qh6 31. Rc3 Be7 32. Rf1 Rf8 33. Nf5+ gxf5 34. Qxa7 Rh8 35. Rf2 Bd8 36. exf5 Bxf5 37. Rcf3 Bg6 38. Qxa4 e4 39. Rc3 e3 40. Re2 Bf6 41. Rcc2 Bxc2 42. Qxc2 Be5 43. Qe4 Kf8 44. Qxe3 Qxe3+ 45. Rxe3 Bd4 46. Kf2 Rxh2+ 47. Kg1 Rxh1+ 0-1

[Event "Harrogate 4NCL op-C 29th"]
[Site "Harrogate"]
[Date "2023.01.20"]
[Round "1"]
[White "Brown, Christian K"]
[Black "Oliver, Bruce R"]
[Result "0-1"]
[WhiteElo "1454"]
[BlackElo "1643"]
[PlyCount "54"]
[EventDate "2023.01.20"]
[EventType "swiss"]
[EventRounds "5"]
[EventCountry "ENG"]
[SourceTitle "CBM 212 Extra"]
[Source "ChessBase"]
[SourceDate "2023.03.31"]
[SourceVersion "1"]
[SourceVersionDate "2023.03.31"]
[SourceQuality "1"]

1. e4 b6 2. d4 Bb7 3. Nc3 e6 4. Be3 Bb4 5. Nf3 Nf6 6. Qe2 d5 7. e5 Ne4 8. Bd2 Nxd2 9. Qxd2 Be7 10. 0-0-0 c5 11. Kb1 Nc6 12. Bb5 a6 13. Bxc6+ Bxc6 14. g3 c4 15. h4 b5 16. Rdg1 b4 17. Ne2 Rb8 18. c3 bxc3 19. Nxc3 Ba3 20. Nd1 Ba4 21. Re1 Bxd1 22. Rxd1 Rxb2+ 23. Qxb2 Bxb2 24. Kxb2 0-0 25. Rb1 Qa5 26. Rhd1 Rb8+ 27. Kc2 Qxa2+ 0-1

[Event "Harrogate 4NCL op-B 27th"]
[Site "Harrogate"]
[Date "2022.01.21"]
[Round "1"]
[White "Dean, Robert A"]
[Black "Oliver, Bruce R"]
[Result "1-0"]
[WhiteElo "1865"]
[BlackElo "1703"]
[PlyCount "61"]
[EventDate "2022.01.21"]
[EventType "swiss"]
[EventRounds "5"]
[EventCountry "ENG"]
[SourceTitle "CBM 206 Extra"]
[Source "ChessBase"]
[SourceDate "2022.03.31"]
[SourceVersion "1"]
[SourceVersionDate "2022.03.31"]
[SourceQuality "1"]

1. e4 b6 2. d4 Bb7 3. Nc3 Nf6 4. Bd3 e6 5. Nf3 Bb4 6. Bg5 h6 7. Bxf6 Qxf6 8. 0-0 c5 9. Nb5 0-0 10. Nc7 cxd4 11. a3 Bd6 12. Nxa8 Bxa8 13. Re1 Nc6 14. Qe2 Ne5 15. Nxe5 Bxe5 16. Qg4 d5 17. g3 dxe4 18. Bxe4 d3 19. c3 d2 20. Red1 Bxe4 21. Qxe4 Rd8 22. Qe3 Bd6 23. Rxd2 Bc5 24. Rxd8+ Qxd8 25. Qe2 Qf6 26. Rd1 Qg5 27. Qd3 Be7 28. Qd7 a5 29. Qe8+ Bf8 30. Rd8 Qc5 31. b4 1-0

[Event "GBR-ch U1750 op 105th"]
[Site "Hull"]
[Date "2018.08.02"]
[Round "4"]
[White "Oliver, Bruce R"]
[Black "O'Gorman, Brendan"]
[Result "1/2-1/2"]
[WhiteElo "1588"]
[BlackElo "1734"]
[PlyCount "47"]
[EventDate "2018.07.30"]
[EventType "swiss"]
[EventRounds "5"]
[EventCountry "ENG"]
[SourceTitle "EXT 2021"]
[Source "ChessBase"]
[SourceDate "2020.10.23"]
[SourceVersion "1"]
[SourceVersionDate "2020.10.23"]
[SourceQuality "1"]

1. d4 d5 2. Nf3 Nf6 3. e3 g6 4. c4 Bg7 5. cxd5 Nxd5 6. e4 Nb6 7. Nc3 0-0 8. Bf4 c6 9. Be2 Bg4 10. Ne5 Bxe2 11. Nxe2 N8d7 12. Nxd7 Qxd7 13. 0-0 Rfd8 14. e5 Nd5 15. Be3 Nxe3 16. fxe3 Bh6 17. Nf4 Bxf4 18. Rxf4 c5 19. Qf3 Qd5 20. Rf1 Qxf3 21. R1xf3 cxd4 22. exd4 Rac8 23. Rxf7 Rxd4 24. Rxe7 1/2-1/2

[Event "GBR-ch U1750 op 105th"]
[Site "Hull"]
[Date "2018.08.01"]
[Round "3"]
[White "Parry, Samuel A"]
[Black "Oliver, Bruce R"]
[Result "0-1"]
[WhiteElo "1464"]
[BlackElo "1588"]
[PlyCount "34"]
[EventDate "2018.07.30"]
[EventType "swiss"]
[EventRounds "5"]
[EventCountry "ENG"]
[SourceTitle "EXT 2021"]
[Source "ChessBase"]
[SourceDate "2020.10.23"]
[SourceVersion "1"]
[SourceVersionDate "2020.10.23"]
[SourceQuality "1"]

1. d4 g6 2. Nf3 Bg7 3. e4 c5 4. Be3 cxd4 5. Nxd4 Nc6 6. Nc3 d6 7. Bc4 Bd7 8. Qd2 Nf6 9. f3 Rc8 10. Bb3 a6 11. 0-0-0 h5 12. Nde2 Na5 13. Nd5 Nxb3+ 14. axb3 Nxd5 15. Qxd5 Qc7 16. c3 Be6 17. Qd2 Bxb3 0-1

[Event "GBR-ch U1750 op 105th"]
[Site "Hull"]
[Date "2018.07.31"]
[Round "2"]
[White "Oliver, Bruce R"]
[Black "Stoyanov, Boris1111"]
[Result "0-1"]
[WhiteElo "1588"]
[BlackElo "1409"]
[PlyCount "112"]
[EventDate "2018.07.30"]
[EventType "swiss"]
[EventRounds "5"]
[EventCountry "ENG"]
[SourceTitle "EXT 2021"]
[Source "ChessBase"]
[SourceDate "2020.10.23"]
[SourceVersion "1"]
[SourceVersionDate "2020.10.23"]
[SourceQuality "1"]

1. d4 d5 2. Nf3 Nf6 3. e3 Bf5 4. c4 c6 5. Nc3 e6 6. Nh4 Bg6 7. Qb3 Qc7 8. g3 Nbd7 9. Bg2 Bd3 10. cxd5 exd5 11. Nxd5 cxd5 12. Qxd3 Rc8 13. 0-0 Bd6 14. Bd2 0-0 15. Rac1 Qb6 16. b3 Ba3 17. Rxc8 Rxc8 18. Rb1 Bb4 19. Bxb4 Qxb4 20. Qf5 Qa5 21. e4 g6 22. Qg5 Qxa2 23. Rc1 Rxc1+ 24. Qxc1 Qxb3 25. e5 Ne4 26. Qc8+ Nf8 27. Bxe4 dxe4 28. Qg4 Qd3 29. Nf5 Qf3 30. Qxf3 exf3 31. Ne7+ Kg7 32. Nc8 a6 33. Nb6 f6 34. Nc4 b5 35. exf6+ Kxf6 36. Nd2 Ke6 37. Nxf3 Kd5 38. Kf1 Ne6 39. Ke1 Ke4 40. d5 Kxd5 41. Nd2 b4 42. Kd1 Nd4 43. Kc1 a5 44. Kb1 a4 45. Kb2 Ne2 46. Kc2 Nc3 47. f4 Ne4 48. Nf3 b3+ 49. Kb2 Nc5 50. Ng5 h5 51. Nf3 Ke4 52. Nh4 Nd3+ 53. Kb1 a3 54. Nxg6 a2+ 55. Ka1 Nb4 56. Ne7 Nc2+ 0-1

[Event "Doncaster 4NCL op-B 18th"]
[Site "Doncaster"]
[Date "2018.04.14"]
[Round "2.18"]
[White "Oliver, Bruce R"]
[Black "Taylor, Robert P"]
[Result "1/2-1/2"]
[WhiteElo "1584"]
[BlackElo "1787"]
[PlyCount "85"]
[EventDate "2018.04.13"]
[EventType "swiss"]
[EventRounds "5"]
[EventCountry "ENG"]
[SourceTitle "EXT 2023"]
[Source "ChessBase"]
[SourceDate "2022.10.05"]
[SourceVersion "1"]
[SourceVersionDate "2022.10.05"]
[SourceQuality "1"]

1. d4 Nc6 2. Nf3 d5 3. c4 e6 4. Nc3 Nf6 5. Bg5 Be7 6. e3 0-0 7. a3 h6 8. Bh4 Nh7 9. Bg3 a6 10. Bd3 Nf6 11. Bh4 dxc4 12. Bxc4 Nd5 13. Bxe7 Ncxe7 14. 0-0 Nxc3 15. bxc3 Nd5 16. Qc2 b5 17. Bd3 Nf6 18. Ne5 Bb7 19. Rab1 Qd6 20. a4 c6 21. f4 Rac8 22. f5 Rc7 23. fxe6 Qxe6 24. Bf5 Qd6 25. e4 c5 26. Nf3 cxd4 27. e5 Qb6 28. exf6 dxc3+ 29. Qf2 Qxf6 30. Qg3 Qb6+ 31. Rf2 Bc8 32. Bc2 Be6 33. axb5 axb5 34. Rxb5 Qxb5 35. Qxc7 Rc8 36. Qf4 Ra8 37. Nd4 Qb6 38. h3 Bd5 39. Nf5 Be6 40. Kh2 Ra1 41. Ne7+ Kf8 42. Ng6+ Kg8 43. Ne7+ 1/2-1/2

[Event "Harrogate 4NCL op-B 17th"]
[Site "Harrogate"]
[Date "2018.01.21"]
[Round "4"]
[White "Tait, Bill"]
[Black "Oliver, Bruce R"]
[Result "1/2-1/2"]
[WhiteElo "1712"]
[BlackElo "1571"]
[PlyCount "45"]
[EventDate "2018.01.19"]
[EventType "swiss"]
[EventRounds "5"]
[EventCountry "ENG"]
[SourceTitle "CBM 182 Extra"]
[Source "ChessBase"]
[SourceDate "2018.02.23"]
[SourceVersion "1"]
[SourceVersionDate "2018.02.23"]
[SourceQuality "1"]

1. e4 g6 2. d4 Bg7 3. Be3 c5 4. c3 Nf6 5. Bd3 cxd4 6. Bxd4 Nc6 7. Be3 d5 8. Nd2 Ne5 9. Bc2 0-0 10. Ngf3 Bg4 11. exd5 Nxd5 12. Qe2 Nxe3 13. Qxe3 Bxf3 14. Nxf3 Nc4 15. Qc1 Qb6 16. Bb3 Qe6+ 17. Kf1 Qa6 18. Kg1 Rfd8 19. h3 Rd3 20. Qf4 Rad8 21. Qe4 R3d7 22. Qe2 Qc6 23. Bxc4 1/2-1/2

[Event "Doncaster 4NCL op-B 15th"]
[Site "Doncaster"]
[Date "2017.09.09"]
[Round "2"]
[White "Tinker, Chris R"]
[Black "Oliver, Bruce R"]
[Result "0-1"]
[WhiteElo "1829"]
[BlackElo "1510"]
[PlyCount "76"]
[EventDate "2017.09.08"]
[EventType "swiss"]
[EventRounds "5"]
[EventCountry "ENG"]
[SourceTitle "CBM 180 Extra"]
[Source "ChessBase"]
[SourceDate "2017.10.06"]
[SourceVersion "1"]
[SourceVersionDate "2017.10.06"]
[SourceQuality "1"]

1. e4 g6 2. f4 Bg7 3. d4 c5 4. c3 cxd4 5. cxd4 a6 6. a4 d5 7. e5 f5 8. Nf3 Nc6 9. Nc3 e6 10. Be2 Nge7 11. 0-0 0-0 12. Kh1 Bd7 13. Be3 Rc8 14. Qd2 Na5 15. Bd1 Nc4 16. Qf2 Nxe3 17. Qxe3 Nc6 18. Ne1 Qb6 19. Nc2 Na5 20. b4 Qc7 21. Rf3 Nc4 22. Qe1 Rf7 23. b5 a5 24. Rc1 Bf8 25. Be2 Qb6 26. h3 Be8 27. g4 fxg4 28. hxg4 Bb4 29. Qg1 Nd2 30. Nxd5 exd5 31. Rf2 Nb3 32. Rb1 Rxc2 33. Rxb3 Qxd4 34. Rbf3 Rfc7 35. f5 Rc1 36. Bf1 Bc5 37. fxg6 Bxg6 38. Rf4 Qxf4 0-1

[Event "GBR-ch U1750 op 104th"]
[Site "Llandudno"]
[Date "2017.08.03"]
[Round "4"]
[White "Patel, Devan"]
[Black "Oliver, Bruce R"]
[Result "1-0"]
[WhiteElo "1558"]
[BlackElo "1652"]
[PlyCount "103"]
[EventDate "2017.07.31"]
[EventType "swiss"]
[EventRounds "5"]
[EventCountry "WLS"]
[SourceTitle "EXT 2019"]
[Source "ChessBase"]
[SourceDate "2018.10.10"]
[SourceVersion "1"]
[SourceVersionDate "2018.10.10"]
[SourceQuality "1"]

1. d4 g6 2. c4 Bg7 3. e4 c5 4. d5 d6 5. Nf3 e5 6. Bd3 Ne7 7. Nc3 0-0 8. Bg5 f6 9. Bh4 g5 10. Bg3 h5 11. h3 Ng6 12. Nd2 Nd7 13. Qxh5 Nf4 14. Bxf4 exf4 15. e5 f5 16. e6 Ne5 17. Bc2 a6 18. h4 Qf6 19. hxg5 Qg6 20. 0-0-0 Rb8 21. g4 Qxh5 22. gxh5 Ng4 23. Rdf1 Bd4 24. Nd1 b5 25. cxb5 axb5 26. Nf3 Bb7 27. Nxd4 Bxd5 28. Nxf5 Bxe6 29. Nh6+ Nxh6 30. gxh6 Bxa2 31. Rfg1+ Kh8 32. Rg7 b4 33. Rhg1 Bg8 34. b3 Ra8 35. Kb1 Rf7 36. Nb2 Rfa7 37. Rxa7 Rxa7 38. Nd3 Rf7 39. Rg4 Bh7 40. Rxf4 Rxf4 41. Nxf4 Bxc2+ 42. Kxc2 Kh7 43. Ne2 Kxh6 44. Ng3 Kg5 45. Kd3 Kh6 46. Kc4 Kg5 47. Kd5 Kh6 48. Kxd6 c4 49. bxc4 b3 50. Ne2 Kxh5 51. c5 b2 52. Nc3 1-0

[Event "GBR-ch Soanes op 104th"]
[Site "Llandudno"]
[Date "2017.07.30"]
[Round "4"]
[White "Grice, Alec"]
[Black "Oliver, Bruce R"]
[Result "1/2-1/2"]
[WhiteElo "1667"]
[BlackElo "1652"]
[PlyCount "20"]
[EventDate "2017.07.28"]
[EventType "swiss"]
[EventRounds "5"]
[EventCountry "WLS"]
[SourceTitle "EXT 2019"]
[Source "ChessBase"]
[SourceDate "2018.10.10"]
[SourceVersion "1"]
[SourceVersionDate "2018.10.10"]
[SourceQuality "1"]

1. e4 g6 2. Nc3 Bg7 3. f4 c5 4. Nf3 Nc6 5. Bc4 e6 6. 0-0 Nge7 7. d3 0-0 8. e5 a6 9. Ne4 b5 10. Bb3 Nf5 1/2-1/2

[Event "BCF-ch U140"]
[Site "Aberystwyth"]
[Date "2014.07.25"]
[Round "5"]
[White "Mahoney, Nicholas"]
[Black "Oliver, Bruce R"]
[Result "1-0"]
[WhiteElo "138"]
[BlackElo "132"]
[PlyCount "42"]
[EventDate "2014.07.21"]
[EventType "swiss"]
[EventRounds "5"]
[EventCountry "WLS"]
[SourceTitle "EXT 2017"]
[Source "ChessBase"]
[SourceDate "2016.10.25"]
[SourceVersion "1"]
[SourceVersionDate "2016.10.25"]
[SourceQuality "1"]

1. d4 g6 2. e4 d6 3. Nc3 Bg7 4. Be3 Nf6 5. Qd2 0-0 6. Nf3 c6 7. Bd3 b5 8. 0-0 a5 9. Rad1 Na6 10. h3 Bb7 11. Bh6 Nb4 12. Bxg7 Kxg7 13. e5 dxe5 14. dxe5 Nd7 15. Bxg6 Nb6 16. Bd3 Nxd3 17. Qg5+ Kh8 18. Rxd3 Qc8 19. Qxe7 b4 20. Qf6+ Kg8 21. Nh4 Ba6 1-0